000
00272 a2200133 4500
020
_a
9780131259492
090
_c
2125
_d
2125
100
_a
KEEGAN, WARREN. J
245
_a
MARKETING
250
_a
2ND
260
_a
LONDON
300
_a
743
942
_a
NBS
_c
BK
_k
658.8 KEE
999
_c
344628
_d
344628